Tenuous links can pay off (Record no. 117438)

MARC details
000 -LEADER
fixed length control field 01700cam a2200277 4500
001 - CONTROL NUMBER
control field ABS67855
008 - FIXED-LENGTH DATA ELEMENTS--GENERAL INFORMATION
fixed length control field 040602n2004 000 0 eng u
035 ## - SYSTEM CONTROL NUMBER
System control number (Sirsi) u126360
100 ## - MAIN ENTRY--PERSONAL NAME
Personal name Edwards, M.
245 ## - TITLE STATEMENT
Title Tenuous links can pay off
260 ## - PUBLICATION, DISTRIBUTION, ETC.
Date of publication, distribution, etc. 2004
490 ## - SERIES STATEMENT
Series statement Estates Gazette
Volume/sequential designation (0418) 1 May 2004, 98(1)
520 ## - SUMMARY, ETC.
Summary, etc. Considers the challenging of planning permissions by third parties applying for judicial review in the light of "R v Environment Agency and others ex p Edwards" ([2004] EWHC 736 (Admin), unreported). Historically, courts tried to limit the ability of objectors to bring applications for judicial review by restrictively interpreting the rules as to locus but recently judges have favoured a more liberal interpretation that makes even tenuous links between a development and a third party sufficient for locus and the securing of public funding. In "Edwards", the standing of the claimant (E) was disputed by the respondent and the judge inferred that E had been put up as a claimant to secure public funding The claim was allowed to proceed because the claimant had been affected by the respondent's issue of a permit and nothing prevented him from having a sufficient interest in bringing the claim and gaining access to public funding.
590 ## - LOCAL NOTE (RLIN)
Local note ABS
590 ## - LOCAL NOTE (RLIN)
Local note ABS
650 ## - SUBJECT ADDED ENTRY--TOPICAL TERM
Topical term or geographic name entry element FUNDING
650 ## - SUBJECT ADDED ENTRY--TOPICAL TERM
Topical term or geographic name entry element ENVIRONMENTAL PROTECTION ACT 1990 PART I
650 ## - SUBJECT ADDED ENTRY--TOPICAL TERM
Topical term or geographic name entry element R V RICHMOND LBC AND ANOTHER EX P JC
650 ## - SUBJECT ADDED ENTRY--TOPICAL TERM
Topical term or geographic name entry element R V ENVIRONMENT AGENCY AND OTHERS EX P EDWARDS
650 ## - SUBJECT ADDED ENTRY--TOPICAL TERM
Topical term or geographic name entry element JUDICIAL REVIEW
650 ## - SUBJECT ADDED ENTRY--TOPICAL TERM
Topical term or geographic name entry element PLANNING PERMISSION
650 ## - SUBJECT ADDED ENTRY--TOPICAL TERM
Topical term or geographic name entry element THIRD PARTY RIGHT OF APPEAL
690 ## - LOCAL SUBJECT ADDED ENTRY--TOPICAL TERM (OCLC, RLIN)
Topical term or geographic name as entry element PLANNING-PLANNING LAW
700 ## - ADDED ENTRY--PERSONAL NAME
Personal name Martin, J.
942 ## - ADDED ENTRY ELEMENTS (KOHA)
Suppress in OPAC 0
Holdings
Withdrawn status Lost status Source of classification or shelving scheme Damaged status Not for loan Home library Current library Shelving location Date acquired Total Checkouts Full call number Barcode Date last seen Copy number Price effective from Koha item type
    Dewey Decimal Classification     London London Journal article 02/06/2004   ABS67855 126360-1001 06/08/2019 1 06/08/2019 Journal article